[Event "47. Camp. Ital. Squadre A1/2"]
[Site "Folgaria"]
[Date "2015.03.28"]
[Round "3.1"]
[White "Vezzosi, Paolo"]
[Black "Ceschia, Ivano"]
[Result "1-0"]
[WhiteElo "2330"]
[BlackElo "2263"]
[Annotator "Club 64-Udinese"]
[PlyCount "83"]
[EventDate "2015.03.??"]

1. d4 Nf6 2. Nf3 e6 3. Bf4 b6 4. e3 Bb7 5. Bd3 Nh5 6. Bg5 Be7 7. Bxe7 Qxe7 8.
O-O d6 9. Nc3 Nf6 10. e4 e5 11. Re1 Nbd7 12. Qe2 O-O 13. Ba6 Bxa6 14. Qxa6 Rfe8
15. d5 Rec8 16. Qc4 Nb8 17. Rad1 c6 18. dxc6 Nxc6 19. Qd3 Na5 20. b3 Nb7 21.
Nb5 Rd8 22. c4 Nc5 23. Qc2 Rac8 24. Nc3 a6 25. a4 Qb7 26. Rd2 b5 27. axb5 axb5
28. b4 Na6 29. Nxb5 Nxb4 30. Qb1 Na6 31. Nxd6 Qxb1 32. Rxb1 Rc6 33. Nf5 Rxd2
34. Ne7+ Kf8 35. Nxc6 Rc2 36. Nfxe5 Nxe4 37. f3 Nec5 38. Rd1 Ne6 39. Rd7 f6 40.
Rf7+ Kg8 41. Ne7+ Kh8 42. Rf8+ 1-0

[Event "47. Camp. Ital. Squadre A1/2"]
[Site "Folgaria"]
[Date "2015.03.28"]
[Round "3.2"]
[White "Dappiano, Andrea"]
[Black "Mrdja, Milan"]
[Result "0-1"]
[WhiteElo "2248"]
[BlackElo "2366"]
[Annotator "Vergani-Trentina"]
[PlyCount "82"]
[EventDate "2015.03.??"]

1. c4 g6 2. g3 Bg7 3. Bg2 e6 4. Nc3 Ne7 5. Nf3 O-O 6. O-O d5 7. cxd5 exd5 8. d4
c6 9. e3 a5 10. a3 Nf5 11. Bd2 Nd6 12. b4 Bf5 13. Qe2 Nd7 14. b5 Re8 15. bxc6
bxc6 16. Rfc1 Nb6 17. Be1 Ndc4 18. Qd1 Nb2 19. Qb3 N6c4 20. Nd2 Rb8 21. Qa2
Nxe3 22. fxe3 Rxe3 23. Bf2 Re7 24. Bf1 Bh6 25. Nb3 Bxc1 26. Rxc1 Nd3 27. Bxd3
Bxd3 28. Nc5 Bc4 29. Qd2 f6 30. Re1 Qd6 31. Rxe7 Qxe7 32. Qe3 Qxe3 33. Bxe3 Rb2
34. Bf2 Rc2 35. N3a4 Ra2 36. Nb6 Rxa3 37. Be1 Bb5 38. Kf2 Ra2+ 39. Kf3 a4 40.
Bb4 a3 41. Nba4 Rxh2 0-1

[Event "47. Camp. Ital. Squadre A1/2"]
[Site "Folgaria"]
[Date "2015.03.28"]
[Round "3.2"]
[White "Gerola, Fausto"]
[Black "Bonfa', Ileano"]
[Result "1/2-1/2"]
[WhiteElo "2149"]
[BlackElo "2149"]
[Annotator "Canal-Ippogrifo"]
[PlyCount "101"]
[EventDate "2015.03.??"]

1. e4 c5 2. b3 d6 3. Bb2 Nf6 4. Bb5+ Nbd7 5. d3 a6 6. Bxd7+ Bxd7 7. Ne2 e6 8.
O-O Rc8 9. Nd2 b5 10. h3 Qb6 11. c4 Be7 12. f4 O-O 13. Ng3 d5 14. Qe2 bxc4 15.
dxc4 d4 16. e5 Ne8 17. Qd3 g6 18. Nge4 Bc6 19. g4 f5 20. exf6 Bxf6 21. Rae1 Bb7
22. Kh2 Kh8 23. Nf3 Bg7 24. Neg5 Rxf4 25. Nxe6 Qd6 26. Nxf4 Qxf4+ 27. Kg2 Nf6
28. Bc1 Qd6 29. Rf2 Rf8 30. Kf1 Qg3 31. Ne5 Bg2+ 32. Ke2 Qxe5+ 33. Kd1 Be4 34.
Rxf6 Qxf6 35. Rxe4 Qc6 36. Bf4 a5 37. a4 h6 38. h4 Qf6 39. g5 hxg5 40. hxg5 Qf5
41. Kc2 Qg4 42. Bd2 Qg1 43. Re1 Qg2 44. Qxg6 Qh3 45. Qd3 Qxd3+ 46. Kxd3 Rf3+
47. Ke4 Rxb3 48. Bxa5 Ra3 49. Bb6 Rxa4 50. Bxc5 Rxc4 51. Kd5 1/2-1/2

[Event "47. Camp. Ital. Squadre A1/2"]
[Site "Folgaria"]
[Date "2015.03.28"]
[Round "3.2"]
[White "Pagnutti, Lorenzo"]
[Black "Scalcione, Michelangelo"]
[Result "0-1"]
[WhiteElo "1938"]
[BlackElo "2321"]
[Annotator "Club 64-Udinese"]
[PlyCount "168"]
[EventDate "2015.03.??"]

1. e4 d6 2. Nf3 Nf6 3. Nc3 c6 4. d4 Bg4 5. Be2 e6 6. O-O d5 7. Bg5 Be7 8. e5
Nfd7 9. Bxe7 Qxe7 10. Nd2 Bxe2 11. Nxe2 h5 12. c4 Nb6 13. c5 N6d7 14. b4 a5 15.
a3 Na6 16. Qb3 Nc7 17. Nc3 O-O 18. b5 cxb5 19. Nxb5 a4 20. Qd3 Nxb5 21. Qxb5
Nb8 22. Rab1 Nc6 23. Nf3 g5 24. Rfd1 g4 25. Ne1 f6 26. f4 fxe5 27. fxe5 Rf7 28.
Nc2 Qg5 29. Rf1 Raf8 30. Rxf7 Rxf7 31. Qe2 Qf4 32. Rd1 h4 33. Qe3 Qxe3+ 34.
Nxe3 Rf4 35. Nc2 Kh7 36. Rd3 Kg6 37. g3 Rf8 38. gxh4 Kh5 39. h3 gxh3 40. Rxh3
Rf4 41. Rd3 Kxh4 42. Kg2 Rg4+ 43. Kf2 Rf4+ 44. Kg2 Kg5 45. Rd1 Kf5 46. Rd3 Re4
47. Kf2 Kg6 48. Rg3+ Kf7 49. Rd3 Ke8 50. Rd1 Kd7 51. Rd3 Kc7 52. Rd1 Kb8 53.
Rd3 Ka7 54. Rd1 Na5 55. Re1 Rh4 56. Kg3 Rh7 57. Rf1 Rg7+ 58. Kh3 Nb3 59. Rf6
Re7 60. Kg4 Ka6 61. Kg5 Kb5 62. Rf4 Re8 63. Kg6 Kc4 64. Kf7 Ra8 65. Kxe6 Kc3
66. Nb4 Nxd4+ 67. Kxd5 Rd8+ 68. Ke4 Ne6 69. Rf3+ Kc4 70. Rf6 Rd4+ 71. Ke3 Nxc5
72. Rf4 Rxf4 73. Kxf4 Kb3 74. Ke3 Kxa3 75. Nd3 Ne6 76. Nf4 Nc7 77. Nd3 b6 78.
Nc1 Kb2 79. Kd2 a3 80. Nd3+ Kb1 81. Nb4 a2 82. Nxa2 Kxa2 83. Kc3 Ka3 84. Kc4
Ka4 0-1

[Event "47. Camp. Ital. Squadre A1/2"]
[Site "Folgaria"]
[Date "2015.03.28"]
[Round "3.3"]
[White "Bianchi, Andrea"]
[Black "Tsalughelashvili, Lile"]
[Result "1-0"]
[WhiteElo "2137"]
[BlackElo "2081"]
[Annotator "Canal-Ippogrifo"]
[PlyCount "77"]
[EventDate "2015.03.??"]

1. e4 c5 2. Nf3 Nc6 3. d4 cxd4 4. Nxd4 Nf6 5. Nc3 d6 6. Be2 e6 7. O-O Be7 8. f4
O-O 9. Kh1 a6 10. a4 Qc7 11. Be3 b6 12. Nxc6 Qxc6 13. e5 Nd5 14. Bf3 Bb7 15.
Nxd5 exd5 16. c4 dxe5 17. Bxd5 Qc7 18. Bxb7 Qxb7 19. fxe5 Bc5 20. Qe1 Rfe8 21.
Bf4 Bd4 22. Qg3 Qc6 23. Qb3 Rac8 24. Rac1 Bxe5 25. Bxe5 Rxe5 26. c5 Rd5 27. Qf3
h6 28. Qxf7+ Kh8 29. cxb6 Qxc1 30. b7 Qxf1+ 31. Qxf1 Rcd8 32. b8=Q Rxb8 33. h3
a5 34. Qc1 Rbd8 35. Qc3 Rb8 36. Kh2 Rg5 37. b3 Rb6 38. h4 Rg4 39. Qc8+ 1-0

[Event "47. Camp. Ital. Squadre A1/2"]
[Site "Folgaria"]
[Date "2015.03.28"]
[Round "3.3"]
[White "Frigieri, Fabrizio"]
[Black "Picco, Ruggero"]
[Result "1-0"]
[WhiteElo "2187"]
[BlackElo "1972"]
[Annotator "Club 64-Udinese"]
[PlyCount "97"]
[EventDate "2015.03.??"]

1. e4 e5 2. Nf3 Nc6 3. d4 exd4 4. Nxd4 Bc5 5. Nb3 Bb6 6. Nc3 Qf6 7. Qe2 Nge7 8.
g4 Nd4 9. Nxd4 Bxd4 10. Bd2 O-O 11. g5 Qb6 12. O-O-O d5 13. Be1 c5 14. Nb5
Bxb2+ 15. Kxb2 a6 16. exd5 Nf5 17. Ka1 axb5 18. Qxb5 Qa7 19. Qb2 Qa4 20. Bb5
Qe4 21. Bc3 Nd4 22. Bxd4 cxd4 23. Bc4 Bg4 24. Qxd4 Qxc2 25. Rc1 Qf5 26. Rhe1
Ra4 27. Qd2 Qd7 28. Bb3 Ra3 29. Qb4 Rfa8 30. Kb2 R3a5 31. Re7 Qd8 32. d6 Be6
33. d7 Bxd7 34. Rd1 Rb5 35. Qe1 Rxa2+ 36. Kxa2 Qa8+ 37. Kb2 Rxb3+ 38. Kxb3 Qa4+
39. Kb2 Qb5+ 40. Kc3 Qa5+ 41. Kd4 Qb6+ 42. Ke4 Qg6+ 43. Kf3 Qf5+ 44. Ke2 Bb5+
45. Ke3 Qxg5+ 46. Kd4 Qf6+ 47. Qe5 Qxf2+ 48. Kc3 Qf3+ 49. Kb4 1-0

[Event "47. Camp. Ital. Squadre A1/2"]
[Site "Folgaria"]
[Date "2015.03.28"]
[Round "3.3"]
[White "Zamengo, Fulvio"]
[Black "Coratella, Giuseppe"]
[Result "1/2-1/2"]
[WhiteElo "2208"]
[BlackElo "2221"]
[Annotator "Vergani-Trentina"]
[PlyCount "66"]
[EventDate "2015.03.??"]

1. e4 e6 2. d4 d5 3. Nd2 Nf6 4. e5 Nfd7 5. Bd3 c5 6. c3 Nc6 7. Ne2 cxd4 8. cxd4
f6 9. exf6 Nxf6 10. Nf3 Bd6 11. O-O Qc7 12. h3 O-O 13. Be3 Bd7 14. Rc1 Rae8 15.
Re1 Qb8 16. Nc3 a6 17. Bb1 Re7 18. Re2 Nh5 19. Qd3 g6 20. Bh6 Nf4 21. Bxf4 Rxf4
22. Rce1 Rxf3 23. gxf3 Qf8 24. Re5 Nxe5 25. dxe5 Bc5 26. Nxd5 Bxf2+ 27. Kxf2
exd5 28. Qxd5+ Be6 29. Qd6 Bxh3 30. Be4 Be6 31. Bd5 Qf7 32. Rd1 Kg7 33. Bxe6
Rxe6 1/2-1/2

[Event "47. Camp. Ital. Squadre A1/2"]
[Site "Folgaria"]
[Date "2015.03.28"]
[Round "3.4"]
[White "Billio, Atto"]
[Black "Balzan, Alessandro"]
[Result "0-1"]
[WhiteElo "2058"]
[BlackElo "1811"]
[Annotator "Vergani-Trentina"]
[PlyCount "72"]
[EventDate "2015.03.??"]

1. c4 Nf6 2. g3 e6 3. Bg2 d5 4. Nf3 Be7 5. O-O O-O 6. d4 c6 7. Nbd2 Nbd7 8. b3
Re8 9. Bb2 Bd6 10. Ne5 Qc7 11. Ndf3 c5 12. Rc1 b6 13. e3 Bb7 14. Rc2 Rad8 15.
Qa1 dxc4 16. Nxc4 Be7 17. dxc5 bxc5 18. Nce5 Be4 19. Rc4 Qb7 20. Nh4 Nxe5 21.
Bxe5 Bxg2 22. Nxg2 Rd2 23. Bc3 Rd7 24. Qb1 Nd5 25. Bb2 f6 26. Rh4 f5 27. Rc4
Nb6 28. Rc2 Red8 29. Nf4 Qe4 30. Qc1 Qf3 31. Re2 Bd6 32. Ree1 e5 33. Ng2 e4 34.
Rd1 Qh5 35. Qc3 Qh6 36. a4 Bxg3 0-1

[Event "47. Camp. Ital. Squadre A1/2"]
[Site "Folgaria"]
[Date "2015.03.28"]
[Round "3.4"]
[White "Fantini, Marco"]
[Black "Vincenzi, Marco"]
[Result "0-1"]
[WhiteElo "1934"]
[BlackElo "2089"]
[Annotator "Club 64-Udinese"]
[PlyCount "86"]
[EventDate "2015.03.??"]

1. d4 Nf6 2. Nc3 d5 3. Bg5 Nbd7 4. e3 g6 5. Bd3 Bg7 6. f4 O-O 7. Nf3 c5 8. Qd2
c4 9. Be2 b5 10. Nxb5 Ne4 11. Qc1 f6 12. Bh4 Rb8 13. Nc3 Qa5 14. O-O Nxc3 15.
bxc3 Qxc3 16. Be1 Qb2 17. Qxb2 Rxb2 18. Bd1 Rb8 19. Bc3 Nb6 20. Bb4 Re8 21. a4
Bf5 22. c3 Nd7 23. a5 e5 24. Ba4 exf4 25. exf4 Bf8 26. Bxf8 Kxf8 27. Nh4 Ke7
28. Nxf5+ gxf5 29. Rfe1+ Kd6 30. Rxe8 Rxe8 31. Kf2 Rb8 32. Ra2 Rb1 33. Bc2 Rc1
34. Bxf5 Rxc3 35. Bxh7 Nf8 36. Bf5 Ne6 37. Bxe6 Kxe6 38. g4 Rd3 39. f5+ Kd6 40.
Re2 Rxd4 41. h3 Rf4+ 42. Ke3 Re4+ 43. Kf3 Rxe2 0-1

[Event "47. Camp. Ital. Squadre A1/2"]
[Site "Folgaria"]
[Date "2015.03.28"]
[Round "3.4"]
[White "Montoli, Marco"]
[Black "Milazzo, Mario"]
[Result "1/2-1/2"]
[WhiteElo "2002"]
[BlackElo "2032"]
[Annotator "Canal-Ippogrifo"]
[PlyCount "114"]
[EventDate "2015.03.??"]

1. c4 f5 2. g3 Nf6 3. Bg2 g6 4. Nf3 Bg7 5. O-O O-O 6. d3 d6 7. Nc3 Nc6 8. Rb1
a5 9. a3 Nh5 10. Qc2 f4 11. b4 axb4 12. axb4 fxg3 13. hxg3 Bg4 14. Be3 e5 15.
Nd5 Qd7 16. b5 Ne7 17. Nh2 Be6 18. Nxe7+ Qxe7 19. Bxb7 Rab8 20. Bg2 Nf6 21. Ra1
e4 22. Ra7 exd3 23. exd3 Qd7 24. Nf3 Ng4 25. Bg5 Qc8 26. Bf4 h6 27. Bd2 Rf7 28.
Bc3 Bxc3 29. Qxc3 Kh7 30. Nd4 Qh8 31. Qa1 Bc8 32. Nc6 Qxa1 33. Raxa1 Rb6 34.
Be4 Bf5 35. Bxf5 gxf5 36. Rae1 f4 37. gxf4 Kg6 38. f3 Nf6 39. Kf2 Nh5 40. Ne7+
Kh7 41. Nd5 Rb8 42. Rh1 Ng7 43. Re7 Rxe7 44. Nxe7 Rf8 45. Nd5 Rf7 46. Ra1 Ne6
47. Ra7 Kg6 48. Ke3 h5 49. Ra1 h4 50. Rh1 Rh7 51. Kf2 Kf5 52. Ke3 h3 53. Rh2
Rh8 54. Ne7+ Kf6 55. Nd5+ Kf5 56. Ne7+ Kf6 57. Nd5+ Kf5 1/2-1/2

[Event "47. Camp. Ital. Squadre A1/2"]
[Site "Folgaria"]
[Date "2015.03.29"]
[Round "4.1"]
[White "Ceschia, Ivano"]
[Black "Santolini, Luigi"]
[Result "1/2-1/2"]
[WhiteElo "2263"]
[BlackElo "2145"]
[Annotator "Udinese-Canal"]
[PlyCount "87"]
[EventDate "2015.03.??"]

1. e4 e6 2. d4 d5 3. Nd2 Nf6 4. e5 Nfd7 5. Bd3 c5 6. c3 Nc6 7. Ne2 cxd4 8. cxd4
f6 9. exf6 Nxf6 10. O-O Bd6 11. Nf3 O-O 12. Bf4 Nh5 13. Bxd6 Qxd6 14. Qd2 Bd7
15. Qg5 Nf4 16. Nxf4 Qxf4 17. Qxf4 Rxf4 18. Rad1 a6 19. Rfe1 h6 20. Ne5 Nxe5
21. Rxe5 Rc8 22. g3 Rf6 23. f4 Be8 24. Rde1 Bf7 25. h4 Bg6 26. Bxg6 Rxg6 27.
Kf2 Rc2+ 28. R1e2 Rxe2+ 29. Rxe2 Rf6 30. Rc2 Rf7 31. Ke3 Re7 32. Rc8+ Kf7 33.
h5 g6 34. hxg6+ Kxg6 35. Kf3 h5 36. Rg8+ Kf6 37. Rg5 Rh7 38. Ke2 Rc7 39. Rxh5
Rc2+ 40. Kf3 Rxb2 41. Rh6+ Kf7 42. Rh7+ Kg6 43. Rd7 Rxa2 44. Rxb7 1/2-1/2

[Event "47. Camp. Ital. Squadre A1/2"]
[Site "Folgaria"]
[Date "2015.03.29"]
[Round "4.1"]
[White "Moncher, Stefano"]
[Black "Pelagatti, Alessandro"]
[Result "1-0"]
[WhiteElo "2211"]
[BlackElo "2181"]
[Annotator "Trentina-Ippogrifo"]
[PlyCount "109"]
[EventDate "2015.03.??"]

1. e4 e6 2. d4 d5 3. e5 c5 4. c3 Nc6 5. Nf3 Nh6 6. Bd3 cxd4 7. cxd4 Nf5 8. Bxf5
exf5 9. Nc3 Be6 10. h4 h6 11. Ne2 Qb6 12. O-O Be7 13. Nf4 g5 14. Nxe6 fxe6 15.
hxg5 hxg5 16. Bxg5 Bxg5 17. Nxg5 Qxd4 18. Qxd4 Nxd4 19. Rfd1 Rh5 20. Rxd4 Rxg5
21. Rh4 Rd8 22. Rh7 Rd7 23. Rh8+ Kf7 24. Rc1 Rg8 25. Rh7+ Rg7 26. Rh6 Rg6 27.
Rh4 Rg8 28. Rc3 Rg7 29. Rh6 Rg6 30. Rhh3 Rg8 31. Kf1 Rg7 32. Rc8 Rg8 33. Rh7+
Rg7 34. Rh6 Ke7 35. Rhh8 Kf7 36. Rcf8+ Kg6 37. Rf6+ Kg5 38. g3 Rh7 39. f4+ Kg4
40. Rxh7 Rxh7 41. Kg2 Rc7 42. Rg6+ Kh5 43. Rxe6 Rc2+ 44. Kh3 Rxb2 45. Rf6 Rxa2
46. Rxf5+ Kg6 47. Rf6+ Kg7 48. Kh4 b5 49. Kg5 b4 50. Rc6 b3 51. Rc7+ Kf8 52.
Rb7 b2 53. f5 d4 54. e6 a6 55. Kf6 1-0

[Event "47. Camp. Ital. Squadre A1/2"]
[Site "Folgaria"]
[Date "2015.03.29"]
[Round "4.1"]
[White "Valsecchi, Alessio"]
[Black "Vezzosi, Paolo"]
[Result "1-0"]
[WhiteElo "2435"]
[BlackElo "2330"]
[Annotator "Vergani-Club 64"]
[PlyCount "41"]
[EventDate "2015.03.??"]

1. e4 c5 2. Nf3 Nc6 3. d4 cxd4 4. Nxd4 Qc7 5. Nc3 e6 6. Be3 Nf6 7. Be2 d6 8.
O-O Bd7 9. f4 a6 10. Kh1 Be7 11. Qe1 h5 12. Rd1 h4 13. Bf3 Rc8 14. Qf2 b5 15.
e5 Nh5 16. exd6 Bxd6 17. Ndxb5 axb5 18. Nxb5 Ng3+ 19. Kg1 Nxf1 20. Nxc7+ Bxc7
21. Qxf1 1-0

[Event "47. Camp. Ital. Squadre A1/2"]
[Site "Folgaria"]
[Date "2015.03.29"]
[Round "4.2"]
[White "Gerola, Fausto"]
[Black "Dappiano, Andrea"]
[Result "1/2-1/2"]
[WhiteElo "2149"]
[BlackElo "2248"]
[Annotator "Trentino-Ippogrifo"]
[PlyCount "105"]
[EventDate "2015.03.??"]

1. e4 d6 2. d4 Nf6 3. Nc3 e5 4. Nf3 Nbd7 5. Bc4 Be7 6. O-O O-O 7. Bb3 c6 8.
dxe5 dxe5 9. Re1 Qc7 10. h3 Nc5 11. Bg5 a5 12. a4 Rd8 13. Qe2 Nxb3 14. cxb3 Be6
15. Qc2 h6 16. Be3 Rd7 17. Rac1 Rad8 18. Red1 Rxd1+ 19. Rxd1 Rxd1+ 20. Qxd1 Nd7
21. Nd2 Bc5 22. Bxc5 Nxc5 23. Nc4 Bxc4 24. bxc4 Qd7 25. Qxd7 Nxd7 26. Kf1 Nb6
27. b3 Nd7 28. Nb1 Nc5 29. Nd2 Kf8 30. Ke2 Ke7 31. g3 Kd6 32. Kd1 Ne6 33. Kc2
Kc5 34. Kc3 Nd4 35. Nf1 g6 36. Ne3 h5 37. h4 Ne2+ 38. Kd3 Nd4 39. Kc3 b6 40. g4
hxg4 41. Nxg4 Nf3 42. Nh6 f6 43. Ng8 Nxh4 44. Nxf6 Kd6 45. Ng4 Nf3 46. Ne3 Nd4
47. Ng4 Ne6 48. b4 axb4+ 49. Kxb4 Nc5 50. f3 Nd3+ 51. Kc3 Nc5 52. Kb4 Nd3+ 53.
Kc3 1/2-1/2

[Event "47. Camp. Ital. Squadre A1/2"]
[Site "Folgaria"]
[Date "2015.03.29"]
[Round "4.2"]
[White "Scalcione, Michelangelo"]
[Black "Basso, Pier Luigi"]
[Result "1/2-1/2"]
[WhiteElo "2321"]
[BlackElo "2382"]
[Annotator "Vergani-Club 64"]
[PlyCount "74"]
[EventDate "2015.03.??"]

1. Nf3 d5 2. d4 Nf6 3. c4 c6 4. Nc3 e6 5. Qd3 dxc4 6. Qxc4 b5 7. Qd3 Nbd7 8. e4
b4 9. Na4 Bb7 10. e5 Nd5 11. Be2 N5b6 12. Bg5 Be7 13. Bxe7 Kxe7 14. Nxb6 Qxb6
15. Nd2 c5 16. Nc4 Qc6 17. Bf3 Qa6 18. Bxb7 Qxb7 19. dxc5 Qd5 20. Qxd5 exd5 21.
Ne3 Ke6 22. O-O-O Rac8 23. Rxd5 Rxc5+ 24. Rxc5 Nxc5 25. Rd1 Rc8 26. Rd6+ Kxe5
27. Nc4+ Kf5 28. b3 Rc7 29. f3 Rd7 30. Rxd7 Nxd7 31. Na5 Ne5 32. Kd2 Ke6 33. f4
Ng6 34. g3 Kd5 35. Kd3 Ne7 36. Nc4 f5 37. Ne3+ Kc5 1/2-1/2

[Event "47. Camp. Ital. Squadre A1/2"]
[Site "Folgaria"]
[Date "2015.03.28"]
[Round "4.2"]
[White "Sgaravatti, Francesco"]
[Black "Pagnutti, Lorenzo"]
[Result "1-0"]
[WhiteElo "2211"]
[BlackElo "1938"]
[Annotator "Udinese-Canal"]
[PlyCount "117"]
[EventDate "2015.03.??"]

1. e4 e5 2. Nf3 Nc6 3. Bb5 a6 4. Ba4 Nf6 5. Qe2 b5 6. Bb3 Bc5 7. a4 7... b4 $2
8. Bxf7+ Kxf7 9. Qc4+ d5 10. Qxc5 Bb7 11. d3 Qd6 12. Qxd6 cxd6 13. exd5 Nxd5
14. Nbd2 Rhe8 15. Ne4 Rad8 16. Bg5 Rd7 17. c4 Nf4 18. Bxf4 exf4 19. O-O-O Na5
20. Rhe1 h6 21. Ned2 Rc8 22. Kc2 g5 23. h3 Nc6 24. b3 Rg8 25. d4 Ne7 26. d5 Rc7
27. Ne4 Rd8 28. Kb2 Nf5 29. g4 fxg3 30. fxg3 Kg6 31. g4 Ng7 32. Nd4 Re7 33. Re2
Rf7 34. Ng3 Rdf8 35. Ngf5 Nxf5 36. Nxf5 Rd8 37. Re6+ Rf6 38. Rde1 Bc8 39. Ne7+
Kf7 40. Rxf6+ Kxf6 41. Nxc8 Rxc8 42. Re6+ Kg7 43. Rxd6 Rf8 44. c5 Rf2+ 45. Kb1
Rf3 46. Kc2 Rc3+ 47. Kd2 Rxc5 48. Rxa6 Rxd5+ 49. Ke2 Re5+ 50. Kf2 Rc5 51. Rb6
Rc2+ 52. Ke1 Rh2 53. Rxb4 Rxh3 54. a5 h5 55. a6 Re3+ 56. Kf2 Re8 57. Rb7+ Kg6
58. Rb6+ Kg7 59. gxh5 1-0

[Event "47. Camp. Ital. Squadre A1/2"]
[Site "Folgaria"]
[Date "2015.03.29"]
[Round "4.3"]
[White "Coratella, Giuseppe"]
[Black "Tsalughelashvili, Lile"]
[Result "0-1"]
[WhiteElo "2221"]
[BlackElo "2081"]
[Annotator "Trentina-Ippogrifo"]
[PlyCount "50"]
[EventDate "2015.03.??"]

1. e4 d6 2. d4 Nf6 3. Nc3 g6 4. Be3 Bg7 5. f3 O-O 6. Qd2 e5 7. Nge2 exd4 8.
Nxd4 Nc6 9. Nxc6 bxc6 10. Bh6 Nxe4 11. Nxe4 Qh4+ 12. g3 Qxh6 13. O-O-O Qxd2+
14. Nxd2 Rb8 15. b3 c5 16. Re1 Bb7 17. Bh3 Bh6 18. Rhf1 Rfe8 19. f4 f5 20. Nc4
Bg7 21. Kd2 Be4 22. Rf2 d5 23. Ne3 c4 24. Bf1 c3+ 25. Kc1 Bd4 0-1

[Event "47. Camp. Ital. Squadre A1/2"]
[Site "Folgaria"]
[Date "2015.03.29"]
[Round "4.3"]
[White "Mrdja, Milan"]
[Black "Frigieri, Fabrizio"]
[Result "1-0"]
[WhiteElo "2366"]
[BlackElo "2187"]
[Annotator "Vergani-Club 64"]
[PlyCount "85"]
[EventDate "2015.03.??"]

1. e4 c5 2. Nf3 d6 3. d4 cxd4 4. Nxd4 Nf6 5. f3 e5 6. Bb5+ Bd7 7. Bxd7+ Qxd7 8.
Nf5 d5 9. Bg5 dxe4 10. Bxf6 gxf6 11. fxe4 Qb5 12. Nc3 Qc5 13. Nd5 Nd7 14. Qd3
Rc8 15. O-O-O Qc4 16. b3 Qxd3 17. Rxd3 Rg8 18. g3 Rg4 19. Re1 h5 20. Kb2 b5 21.
Red1 b4 22. Nde3 Nc5 23. Nxg4 Nxd3+ 24. cxd3 hxg4 25. Rc1 Rxc1 26. Kxc1 Bc5 27.
Kd2 Bg1 28. Ke2 Kd7 29. Kf1 Bb6 30. Nh6 Ke6 31. Nxg4 f5 32. Nh6 fxe4 33. dxe4
f6 34. Nf5 Kf7 35. h4 Kg6 36. g4 Bc5 37. Ke2 Bb6 38. Kd3 Bf2 39. Kc4 Be1 40.
Kd5 Bf2 41. Ke6 Be1 42. h5+ Kg5 43. Kf7 1-0

[Event "47. Camp. Ital. Squadre A1/2"]
[Site "Folgaria"]
[Date "2015.03.29"]
[Round "4.3"]
[White "Picco, Ruggero"]
[Black "Rosino, Antonio"]
[Result "1/2-1/2"]
[WhiteElo "1972"]
[BlackElo "2166"]
[Annotator "Udinese-Canal"]
[PlyCount "30"]
[EventDate "2015.03.??"]

1. e4 e5 2. Bc4 Nf6 3. d3 Bc5 4. Nf3 Nc6 5. a3 d6 6. h3 Be6 7. Nbd2 O-O 8. Bxe6
fxe6 9. Nf1 Qe8 10. Be3 Nd4 11. Bxd4 Bxd4 12. Nxd4 exd4 13. Ng3 Qg6 14. Qe2 Qh6
15. Qd2 Qxd2+ 1/2-1/2

[Event "47. Camp. Ital. Squadre A1/2"]
[Site "Folgaria"]
[Date "2015.03.29"]
[Round "4.4"]
[White "Bianchi, Andrea"]
[Black "Fantini, Marco"]
[Result "1-0"]
[WhiteElo "2137"]
[BlackElo "1934"]
[Annotator "Udinese-Canal"]
[PlyCount "73"]
[EventDate "2015.03.??"]

1. e4 e6 2. d3 d5 3. Nd2 Nf6 4. Ngf3 Nc6 5. g3 dxe4 6. dxe4 Bc5 7. Bg2 a5 8. a4
e5 9. O-O O-O 10. h3 Qe7 11. Nh4 Rd8 12. c3 Be6 13. Qf3 Rd7 14. Re1 Qd8 15. Nf1
Rd3 16. Ne3 g6 17. Bf1 Rd7 18. Kh2 Nh5 19. Ng4 Be7 20. Nf5 Bf8 21. Nfh6+ Kh8
22. Bb5 Bg7 23. Be3 Qe8 24. Rf1 Bb3 25. Qe2 Rad8 26. f3 Nf6 27. Nf2 Ng8 28.
Nxg8 Kxg8 29. Bxc6 bxc6 30. Qa6 f5 31. Qxa5 Qf7 32. Qb4 f4 33. gxf4 exf4 34.
Bc1 Bf8 35. Qb7 Qc4 36. Bxf4 Qe2 37. Qxb3+ 1-0

[Event "47. Camp. Ital. Squadre A1/2"]
[Site "Folgaria"]
[Date "2015.03.29"]
[Round "4.4"]
[White "Villa, Flavio"]
[Black "Billio, Atto"]
[Result "1/2-1/2"]
[WhiteElo "2142"]
[BlackElo "2058"]
[Annotator "Trentina-Ippogrifo"]
[PlyCount "66"]
[EventDate "2015.03.??"]

1. d4 c5 2. c3 e6 3. Nf3 d5 4. Bg5 Qb6 5. Qb3 c4 6. Qc2 f5 7. e3 Nd7 8. Nbd2
Bd6 9. Bf4 Qc7 10. Bxd6 Qxd6 11. g3 Nh6 12. Bg2 O-O 13. O-O Nf7 14. b3 cxb3 15.
axb3 Nf6 16. c4 Bd7 17. Rfc1 Rfc8 18. c5 Qc7 19. Bf1 g5 20. b4 a6 21. Ra3 Kg7
22. Qa2 Rab8 23. Rb1 h5 24. h4 Ne4 25. Nxe4 fxe4 26. Nxg5 Nxg5 27. hxg5 h4 28.
b5 axb5 29. Bxb5 Bxb5 30. Rxb5 hxg3 31. fxg3 Qxg3+ 32. Qg2 Qe1+ 33. Qf1 Qg3+
1/2-1/2

[Event "47. Camp. Ital. Squadre A1/2"]
[Site "Folgaria"]
[Date "2015.03.29"]
[Round "4.4"]
[White "Vincenzi, Marco"]
[Black "Balzan, Alessandro"]
[Result "1/2-1/2"]
[WhiteElo "2089"]
[BlackElo "1811"]
[Annotator "Vergani-Club 64"]
[PlyCount "96"]
[EventDate "2015.03.??"]

1. d4 d5 2. c4 e6 3. Nc3 Nf6 4. Nf3 Be7 5. g3 O-O 6. Bg2 c6 7. O-O Nbd7 8. Qc2
Re8 9. e4 dxe4 10. Nxe4 Nxe4 11. Qxe4 Nf6 12. Qe2 c5 13. Rd1 cxd4 14. Rxd4 Qb6
15. Rd3 Bc5 16. Ne5 Bd4 17. Rb3 Qc7 18. Bf4 g5 19. Rd1 Bxb2 20. Rxb2 gxf4 21.
gxf4 Kh8 22. Rb3 Rg8 23. Rg3 Rxg3 24. hxg3 Kg7 25. Qb2 Qe7 26. Qd4 Bd7 27. Nxd7
Rd8 28. Qa1 Rxd7 29. Rxd7 Qxd7 30. g4 Kg6 31. g5 Ne8 32. Be4+ f5 33. gxf6+ Kf7
34. Qb1 Nxf6 35. Bxh7 Qd4 36. Qxb7+ Nd7 37. Kg2 Qg7+ 38. Kf3 Qc3+ 39. Kg2 Qg7+
40. Kf1 Qa1+ 41. Qb1 Qd4 42. Bg6+ Ke7 43. Qb4+ Kf6 44. Bh5 Qxf4 45. Qc3+ Qe5
46. Qxe5+ Kxe5 47. Be2 Nc5 48. Kg2 Kf4 1/2-1/2

[Event "47. Camp. Ital. Squadre A1/2"]
[Site "Folgaria"]
[Date "2015.03.29"]
[Round "5.1"]
[White "Pelagatti, Alessandro"]
[Black "Ceschia, Ivano"]
[Result "1/2-1/2"]
[WhiteElo "2181"]
[BlackElo "2263"]
[Annotator "Ippogrifo-Udinese"]
[PlyCount "43"]
[EventDate "2015.03.??"]

1. d4 Nf6 2. Bg5 e6 3. e4 h6 4. Bxf6 Qxf6 5. c3 d6 6. Bd3 e5 7. Ne2 Nc6 8. Bb5
Bd7 9. d5 Nb8 10. Bxd7+ Nxd7 11. Nd2 g6 12. c4 h5 13. O-O Bh6 14. b4 O-O 15.
Nb3 b6 16. Nc3 a5 17. a3 Rfc8 18. Qd3 Qg5 19. Rfd1 f5 20. c5 bxc5 21. bxc5 Nxc5
22. Nxc5 1/2-1/2

[Event "47. Camp. Ital. Squadre A1/2"]
[Site "Folgaria"]
[Date "2015.03.29"]
[Round "5.1"]
[White "Santolini, Luigi"]
[Black "Valsecchi, Alessio"]
[Result "0-1"]
[WhiteElo "2145"]
[BlackElo "2435"]
[Annotator "Canal-Vergani"]
[PlyCount "119"]
[EventDate "2015.03.??"]

1. d4 Nf6 2. c4 e6 3. Nc3 Bb4 4. e3 O-O 5. Bd3 c5 6. Nf3 cxd4 7. exd4 d5 8. O-O
dxc4 9. Bxc4 Nc6 10. Bg5 Be7 11. a3 b6 12. Re1 Bb7 13. Ba2 Nd5 14. Bxe7 Ncxe7
15. Ne4 Ng6 16. Qd2 Qc7 17. Rad1 Rad8 18. Bb1 Qf4 19. Qxf4 Ndxf4 20. g3 Nd5 21.
Neg5 Nde7 22. Ne5 Bd5 23. h4 Nxe5 24. dxe5 h6 25. Ne4 Nc6 26. f4 f6 27. exf6
gxf6 28. Bc2 Kf7 29. Nc3 Bf3 30. Rxd8 Rxd8 31. Be4 Bxe4 32. Rxe4 Rd3 33. Kf2
Nd4 34. Ne2 Nf5 35. Ra4 Rd7 36. h5 Ng7 37. g4 f5 38. gxf5 Nxf5 39. Rc4 Rd2 40.
Rc7+ Kf6 41. Rxa7 Rxb2 42. Kf3 Rb3+ 43. Kf2 b5 44. a4 bxa4 45. Rxa4 Rh3 46. Nd4
Ng7 47. Ra6 Rxh5 48. Nf3 Rb5 49. Ne5 Kf5 50. Nf7 Rb2+ 51. Kf3 Rb3+ 52. Kf2 h5
53. Ra4 Kf6 54. Nd6 h4 55. f5 Rb2+ 56. Kg1 h3 57. Rh4 Nxf5 58. Nxf5 h2+ 59. Kh1
Kg5 60. Re4 $138 (60. Ra4 Rb1+ 61. Kxh2 exf5 62. Kg3 $11) (60. Re4 Rb1+ 61.
Kxh2 Kxf5 (61... exf5 62. Ra4 $11) 62. Ra4 Rf1 (62... e5 63. Kg2) 63. Kg3 e5
64. Kg2 Rf4 (64... Rb1 65. Kf3 $11) 65. Rxf4+ Kxf4 66. Kf2 $11) 0-1